000 00440nam a2200181Ia 4500
003 0100
008 130303s9999 xx 000 0 und d
020 _a824517822
040 _cARRUPELIB
050 _aBX2230.2.C474
100 _aChamplin, Joseph M
245 4 _aThe mystery and meaning of the mass
260 _aNew York
260 _bThe Crossroad Publishing Company
260 _C1999
700 _aJoseph M. Champlin
942 0 0 _03
999 _c9876
_d9876